| 000 | 00935na a2200265 4500 | ||
|---|---|---|---|
| 001 | 23811 | ||
| 003 | MIRAKIL | ||
| 005 | 20181213155318.0 | ||
| 008 | 171227b tu 000 0 | ||
| 020 | _a9755124373 | ||
| 040 |
_aMilas _btur _cTR-AnCHP |
||
| 041 | _atur | ||
| 082 |
_a346.5353092026 _bİ77u 2000 |
||
| 090 | _a346.5353092026 İ77u 2000 | ||
| 110 | _aİstanbul Ticaret Odası (İTO) | ||
| 245 |
_aSorularla Umman yabancı sermaye mevzuatı _chazırlayan Muhsin Akgür |
||
| 260 |
_aİstanbul _bİstanbul Ticaret Odası (İTO) _c2000 _fSu Matbaacılık |
||
| 300 |
_a30 s. _bhrt. , tbl. _c19 sm. |
||
| 440 |
_aİstanbul Ticaret Odası _vyayın no: 1999-87 |
||
| 490 |
_aTürk girişimcileri için yurtdışı yatırımlar rehberi dizisi _v23 |
||
| 650 |
_aYabancı Sermaye _xHukuk ve mevzuat _zUmman |
||
| 650 |
_aYabancı Sermaye _xHukuk ve mevzuat _zTürkiye |
||
| 700 |
_aAkgür, Muhsin _ehaz. |
||
| 942 |
_2ddc _cBKS |
||
| 999 |
_c10381 _d10381 |
||